<?xml version="1.0" encoding="UTF-8"?>
<record
    xmlns:xsi="http://www.w3.org/2001/XMLSchema-instance"
    xsi:schemaLocation="http://www.loc.gov/MARC21/slim http://www.loc.gov/standards/marcxml/schema/MARC21slim.xsd"
    xmlns="http://www.loc.gov/MARC21/slim">

  <leader>00951nam0a2200277   4500</leader>
  <controlfield tag="001">RU\NLR\bibl\1163947</controlfield>
  <controlfield tag="005">20250615083443.0</controlfield>
  <datafield tag="021" ind1=" " ind2=" ">
    <subfield code="a">RU</subfield>
    <subfield code="b">2007-73661</subfield>
    <subfield code="9">3967</subfield>
  </datafield>
  <datafield tag="035" ind1=" " ind2=" ">
    <subfield code="a">(NLR Aleph) 001150673</subfield>
  </datafield>
  <datafield tag="090" ind1=" " ind2=" ">
    <subfield code="a">1475606</subfield>
    <subfield code="c">1475606</subfield>
  </datafield>
  <datafield tag="100" ind1=" " ind2=" ">
    <subfield code="a">20071205d2007    |||y0rusy50      ca</subfield>
  </datafield>
  <datafield tag="101" ind1="0" ind2=" ">
    <subfield code="a">rus</subfield>
  </datafield>
  <datafield tag="102" ind1=" " ind2=" ">
    <subfield code="a">RU</subfield>
  </datafield>
  <datafield tag="105" ind1=" " ind2=" ">
    <subfield code="a">a   |||||||||</subfield>
  </datafield>
  <datafield tag="200" ind1="1" ind2=" ">
    <subfield code="a">&#x422;&#x430;&#x442;&#x430;&#x440;&#x441;&#x442;&#x430;&#x43D;. &#x41F;&#x43E;&#x440;&#x442;&#x440;&#x435;&#x442; &#x441;&#x43E;&#x432;&#x440;&#x435;&#x43C;&#x435;&#x43D;&#x43D;&#x438;&#x43A;&#x430;</subfield>
    <subfield code="e">&#x444;&#x43E;&#x442;&#x43E;&#x430;&#x43B;&#x44C;&#x431;&#x43E;&#x43C;</subfield>
    <subfield code="f">&#x441;&#x43F;&#x435;&#x446;. &#x444;&#x43E;&#x442;. &#x424;&#x430;&#x440;&#x438;&#x442; &#x413;&#x443;&#x431;&#x430;&#x435;&#x432;</subfield>
  </datafield>
  <datafield tag="210" ind1=" " ind2=" ">
    <subfield code="a">&#x41A;&#x430;&#x437;&#x430;&#x43D;&#x44C;</subfield>
    <subfield code="c">Reaspect</subfield>
    <subfield code="d">2007</subfield>
  </datafield>
  <datafield tag="215" ind1=" " ind2=" ">
    <subfield code="a">563, [20] &#x441;.</subfield>
    <subfield code="c">&#x446;&#x432;. &#x438;&#x43B;., &#x43F;&#x43E;&#x440;&#x442;&#x440;.</subfield>
    <subfield code="d">31</subfield>
  </datafield>
  <datafield tag="320" ind1=" " ind2=" ">
    <subfield code="a">&#x410;&#x43B;&#x444;. &#x443;&#x43A;&#x430;&#x437;. &#x432; &#x43A;&#x43E;&#x43D;&#x446;&#x435; &#x43A;&#x43D;.</subfield>
  </datafield>
  <datafield tag="517" ind1="0" ind2=" ">
    <subfield code="a">&#x41F;&#x43E;&#x440;&#x442;&#x440;&#x435;&#x442; &#x441;&#x43E;&#x432;&#x440;&#x435;&#x43C;&#x435;&#x43D;&#x43D;&#x438;&#x43A;&#x430;</subfield>
  </datafield>
  <datafield tag="607" ind1=" " ind2=" ">
    <subfield code="a">&#x422;&#x430;&#x442;&#x430;&#x440;&#x441;&#x442;&#x430;&#x43D;, &#x420;&#x435;&#x441;&#x43F;&#x443;&#x431;&#x43B;&#x438;&#x43A;&#x430;</subfield>
    <subfield code="x">&#x414;&#x435;&#x44F;&#x442;&#x435;&#x43B;&#x438;</subfield>
    <subfield code="9">2505864</subfield>
    <subfield code="3">RU\NLR\auth\661485895</subfield>
  </datafield>
  <datafield tag="686" ind1=" " ind2=" ">
    <subfield code="a">&#x422;3(2&#x420;-6&#x422;)74</subfield>
  </datafield>
  <datafield tag="801" ind1=" " ind2="0">
    <subfield code="a">RU</subfield>
    <subfield code="b">NLR</subfield>
    <subfield code="c">20071205</subfield>
    <subfield code="g">RCR</subfield>
  </datafield>
  <datafield tag="801" ind1=" " ind2="1">
    <subfield code="a">RU</subfield>
    <subfield code="b">NLR</subfield>
    <subfield code="c">20071205</subfield>
  </datafield>
  <datafield tag="942" ind1=" " ind2=" ">
    <subfield code="c">BOOK</subfield>
  </datafield>
  <datafield tag="980" ind1=" " ind2=" ">
    <subfield code="a">NB</subfield>
  </datafield>
  <datafield tag="995" ind1=" " ind2=" ">
    <subfield code="5">2007-12-05</subfield>
    <subfield code="a">ad</subfield>
    <subfield code="b">NLR02</subfield>
    <subfield code="c">NLR02</subfield>
    <subfield code="e">EST</subfield>
    <subfield code="f">2564710</subfield>
    <subfield code="k">&#x42D; &#x410;&#x43B;&#x41F;/2-410</subfield>
    <subfield code="o">0</subfield>
    <subfield code="r">BOOK</subfield>
    <subfield code="s">_2410</subfield>
  </datafield>
  <datafield tag="995" ind1=" " ind2=" ">
    <subfield code="5">2007-12-05</subfield>
    <subfield code="a">ad</subfield>
    <subfield code="b">NLR02</subfield>
    <subfield code="c">NLR02</subfield>
    <subfield code="e">EST</subfield>
    <subfield code="f">2564711</subfield>
    <subfield code="k">&#x42D; &#x410;&#x43B;&#x41F;/2-410</subfield>
    <subfield code="o">0</subfield>
    <subfield code="r">BOOK</subfield>
    <subfield code="s">_2410</subfield>
  </datafield>
</record>
